Postaw na milion 365 - Statystyki

Ogólne statystyki
  • Ten quiz został rozwiązany 3 razy
  • Średni wynik to 9 z 14
Statystyki odpowiedzi
Zagadnienie Odpowiedź % Poprawnych
Wg badania "Polska codzienność" z 2024 roku w polskich domach można znaleźć najczęściej... kosz na śmieci pod zlewem
100%
Kto w pierwszych słowach swojego przeboju skarży się: "Pod górkę mam, ale na to się pisałam"? Sanah
100%
Miesięcznik "U.S.News & World Report" podsumował wszystkie rankingi i ogłosił, że w 2024 roku najlepszym państwem na świecie jest: Szwajcaria
100%
Uroczyste otwarcie wystawy dzieł sztuki to: wernisaż
100%
Która z nich znajduje się najbliżej Drogi Mlecznej, jest widoczna gołym okiem i należy do największych obserwowanych galaktyk spiralnych? Wielka Mgławica Andromedy
100%
Który tenisista poślubił aktorkę Brooke Shields, a potem tenisistkę Steffi Graf? Andre Agassi
67%
Zero jest liczbą: parzystą
67%
Który z tych koktajli jest uznawany za oficjalny napój Portoryko? Piña colada
67%
Według przysłowia jaskółki powiedziały, że co jest niedobre? spółki
67%
Która postać z "Wesela" Stanisława Wyspiańskiego wypowiada pierwsze słowa dramatu? Czepiec
33%
Pot hipopotama wkrótce po pojawieniu się na skórze zmienia kolor z bezbarwnego na: czerwony
33%
Wokół którego amerykańskiego miasta rozciąga się pustynia Mojave? Las Vegas
33%
Który z tych zespołów nigdy nie dostał nagrody Grammy? Queen
33%
W Internecie popularnością cieszą się filmiki Muzeum Zamoyskich w Kozłówce. Ich główną bohaterką jest służąca dawnych właścicieli pałacu, która ma na imię: Stefcia
0%
Nie znaleziono quizów pasujących do podanych kryteriów
Rozkład punktacji
Procent ludzi z każdym wynikiem
Percentyl według liczby udzielonych odpowiedzi
Twoja historia wyników
Nie rozwiązałeś tego quizu